000 00364nam a2200145Ia 4500
008 231129s2002||||xx |||||||||||||| ||spa||
020 _a84-08-04328-5
040 _bspa
082 _a863 G146i
100 _aGala Antonio
245 0 _aLos invitados al jardí­n
260 _c2002
264 _aPlaneta
942 _2ddc
_cBKS
999 _c19774
_d19774